Представление документа в формате MARC21

Поле Инд. ПП Название Значение
Тип записи a
Библиографический уровень b
001 Контрольный номер 0f7f7e17933748eaa330375020d3efa8
005 Дата корректировки 20260630171002.0
040 a Служба первич. каталог. Scopus
041 0_ a Код языка текста Английский
097 a Костяева О.Г.
100 1_ a Автор Abusleme A.
100 1_ a Автор Adam T.
100 1_ a Автор Adamowicz K.
100 1_ a Автор Nemchenok I.
c Титул (звания) доцент (ученое звание); кандидат химических наук; доцент (должность); и. о. проректора по научной работе и инновациям; заведующий кафедрой;
g Прочие сведения РИНЦ AuthorID: 44551 (https://elibrary.ru/author_items.asp?authorid=44551); Scopus Author ID: 8401877000 (https://www.scopus.com/authid/detail.uri?authorId=8401877000); ResearcherID: F-9715-2014 (http://www.researcherid.com/rid/F-9715-2014)
i 000090997
k Ректорат
q Полное имя Немченок Игорь Борисович
u Дополнение Немченок И. Б.
245 10 a Заглавие Measurement of reactor neutrino oscillation with the first JUNO data
773 18 t Название источника Nature
d Место и дата издания 2026
b Сведения об издании Springer Nature
c United Kingdom
m Специф. данные входит в Белый список; входит в Scopus; входит в WoS; Входит в ядро РИНЦ;зарубежный журнал;ненулевой импакт-фактор
p GNAA
o Прочие индексы SJR 19.713
q У1 Белый список; Q1 Scopus 2025
x ISSN 0028-0836
g Прочая информация V. 654. - P. 343–348
w Контрольный № источника f6cc902b9ad6431da568b961cc808074
901 t Тип документа b
952 c Вид литературы статья в журнале